Nehru on communalism (Record no. 1350854)

MARC details
000 -LEADER
fixed length control field 00508nam a2200181Ia 4500
005 - DATE AND TIME OF LATEST TRANSACTION
control field 20250508154540.0
008 - FIXED-LENGTH DATA ELEMENTS--GENERAL INFORMATION
fixed length control field 008 250505s9999 xx 000 0 eng d
037 ## - SOURCE OF ACQUISITION
Stock number Textual
040 ## - CATALOGING SOURCE
Original cataloging agency FEDL
Language of cataloging eng
Transcribing agency FEDL
041 ## - LANGUAGE CODE
Language code of text/sound track or separate title eng
Source of code eng
084 ## - COLON CLASSIFICATION NUMBER
Classification number 320.55, GUP
Assigning agency FEDL
100 ## - MAIN ENTRY--PERSONAL NAME
Personal name Gupta N.L.
9 (RLIN) 765617
245 #0 - TITLE STATEMENT
Title Nehru on communalism
260 ## - PUBLICATION, DISTRIBUTION, ETC.
Place of publication, distribution, etc. New Delhi, India
Name of publisher, distributor, etc. Sampradayikta Virodhi Committee
Date of publication, distribution, etc. 1965
300 ## - PHYSICAL DESCRIPTION
Extent xv,259p.
942 ## - ADDED ENTRY ELEMENTS (KOHA)
Koha item type Textual
Classification part 320.55, GUP
Holdings
Withdrawn status Lost status Damaged status Not for loan Home library Current library Date acquired Total Checkouts Full call number Barcode Date last seen Price effective from Koha item type
        Department of Education Library Department of Education Library 2025-05-08   320.55, GUP EL0034914 2025-05-08 2025-05-08 Textual
Copyright @ Delhi University Library System